Biện pháp quản lý hoạt động giáo dục kĩ năng sống cho học sinh, sinh viên trường Cao đẳng điện lực miền Trung

Cơ sở lí luận. Thực trạng quản lý. Biện pháp quản lý

Đã lưu trong:
書目詳細資料
主要作者: Ngô Văn Tuấn
其他作者: Trần Văn Hiếu TS (Hướng dẫn)
格式: 圖書
語言:Vietnamese
出版: Đà Nẵng Đại học Đà Nẵng 2011
主題:
標簽: 添加標簽
沒有標簽, 成為第一個標記此記錄!
Thư viện lưu trữ: Mạng thư viện Đại học Đà Nẵng
LEADER 01497nam a2200349 4500
001 000010766
003 6981
005 20111220141233.0
008 111220s2011 viesd
041 |a vie 
072 |a Luận văn Thạc sĩ Khoa học Giáo dục 
082 |a 371.207  |b NG-T 
100 |a Ngô Văn Tuấn 
245 |a Biện pháp quản lý hoạt động giáo dục kĩ năng sống cho học sinh, sinh viên trường Cao đẳng điện lực miền Trung  |c Ngô Văn Tuấn 
260 |a Đà Nẵng  |b Đại học Đà Nẵng  |c 2011 
300 |a 104tr.  |c 29 cm  |e CD. Tóm tắt luận văn 
500 |a Luận văn Thạc sĩ Khoa học Giáo dục. Chuyên ngành: Quản lý Giáo dục. Mã số: 60.14.05 
520 |a Cơ sở lí luận. Thực trạng quản lý. Biện pháp quản lý 
653 |a Quản lý Giáo dục 
653 |a Luận văn Thạc sĩ Khoa học Giáo dục 
653 |a Hoạt động giáo dục 
700 |a Trần Văn Hiếu  |c TS  |e Hướng dẫn 
OWN |a LSP 
AVA |a UDN50  |b LSP  |d 371.207 NG-T  |e available  |t Error 5001 Not defined in file expand_doc_bib_avail.  |f 1  |g 0  |h N  |i 0  |k 1 
999 |a From the UDN01 
AVA |a UDN50  |b LSP  |d 371.207 NG-T  |e available  |t Error 5001 Not defined in file expand_doc_bib_avail.  |f 1  |g 0  |h N  |i 0  |k 1 
TYP |a Monograph 
TYP |a Printed language 
980 |a Mạng thư viện Đại học Đà Nẵng